000 00309 a2200145 4500
001 178893
020 _a
040 _cMagnum
100 _aCony, Carlos Heitor
240 1 0 _aLuciana saudade
_lpor
245 1 0 _aLuciana saudade
362 0 _a1899
697 _aMAGNITO: J/ADOLESCENTE, NAMORO
942 _cBK
999 _c178893
_d178893